Pengaturcaraan menggunakan C

Bibliographic Details
Main Author: Iskandar Ab Rashid
Other Authors: Zaitun Ismail
Format: Book
Published: Kuala Lumpur : Venton Pub. , 2002
Subjects:

MARC

LEADER 00000cam a2200000 7i4500
001 0000003170
005 20050308.0
020 0 0 |a 9832031761 
090 0 0 |a 005.133   |b ISK 
100 0 0 |a Iskandar Ab Rashid 
245 0 0 |a Pengaturcaraan menggunakan C   |c Iskandar Ab Rashid, Zaitun Ismail 
260 0 0 |a Kuala Lumpur :   |b Venton Pub. ,   |c 2002 
300 |a v., 285ms. :   |b il. ;   |c 25cm. 
650 0 0 |a C (Computer program language) 
650 0 0 |a Microsoft Visual C 
650 0 0 |a Programming languages (Electronic computers)   |x Problems, exercises, etc. 
700 0 1 |a Zaitun Ismail 
999 |a 0000005524   |b Monograph   |c Open Shelf   |e Default branch